000 00664nam a2200181Ia 4500
008 100920s9999 xx 000 0 und d
082 _b51685
_a910 थ 85
100 _aवडगावकर निवृत्ती.
245 _aफेर-फटका. गुजरात दर्शन.
260 _bसाकेत प्रकाशन,औरंगाबाद.
_c1985
300 _a146
_bसाधी
365 _b25
520 _aभू.प्र.
630 _aफेर-फटका. गुजरात दर्शन.
650 _aभू.प्र.
730 _aफेर-फटका. गुजरात दर्शन.
942 _cBOOK
999 _c697359
_d697356